000 00618nam a2200193 a 4500
001 2790
005 20140414131913.0
008 051020s19uu xx 00 eng d
020 _a971-8560-20-3
050 _aER
_bH11 2002
245 _aThe Hare and the tortoise.
260 _aMakati :
_bStraight Lines,
_c2002.
300 _a24 p. : ill. ; cm.
440 _aClassic tales collection.
520 _aAs for Harry the hare, he learned that there are things which are more important than swiftness--like determination and humility.
650 _aRace
_xFiction.
650 _aChildren stories.
999 _c111318
_d111318